Kraje na literę A - Statystyki

Ogólne statystyki
  • Ten quiz został rozwiązany 427 razy
  • Średni wynik to 8 z 12
Statystyki odpowiedzi
Państwa % Poprawnych
Andora
80%
Albania
78%
Armenia
77%
Azerbejdżan
76%
Australia
73%
Austria
72%
Argentyna
70%
Afganistan
68%
Angola
68%
Algieria
62%
Arabia Saudyjska
57%
Antigua i Barbuda
47%
Nie znaleziono quizów pasujących do podanych kryteriów
Rozkład punktacji
Procent ludzi z każdym wynikiem
Percentyl według liczby udzielonych odpowiedzi
Twoja historia wyników
Nie rozwiązałeś tego quizu